00311nam a22001337a 4500003000400000008004100004020001800045100001800063245002700081250000800108260003500116300000800151650001800159OSt210223b ||||| |||| 00| 0 eng d a9789386450302 aROGEN, Arthur aStreet Smart Sales Pro a1st aNew DelhibEmbassy Booksc2018 a200 aGeneral Books